| 000 | 00709nam a22001815i 4500 | ||
|---|---|---|---|
| 001 | 166140 | ||
| 003 | ES-MaACL | ||
| 005 | 20230906213254.0 | ||
| 008 | 050912s1790 it | |||||||| ||ita d | ||
| 040 |
_aCAM _bspa _cCAM |
||
| 100 | 1 |
_aTentori, Cristoforo. _9133177 |
|
| 245 | 1 | 0 |
_aSaggio sulla historia civile, politica, ecclesiastica e sulla corografia e topografia degli stati della Repubblica di Venezia ... / _cdell'Ab. D. Cristoforo Tentori. |
| 260 |
_aIn Venezia : _bappresso Giacomo Storti, _c1790. |
||
| 300 |
_a[8], 542 p. ; _c8ยบ. |
||
| 597 | _aSign.: [ ]8, A-Z8, 2A-2K8, 2L7. | ||
| 651 | 4 |
_aVenecia- _xHistoria. _99515 |
|
| 852 |
_aES-MaACL _jR-428-39 _z-- Enc. hol. _x Olim: C-19372-83 |
||
| 999 |
_c166140 _d166140 |
||